[Event "2015 Edmonton Invitational"]
[Site "Edmonton"]
[Date "2015.11.08"]
[Round "5.4"]
[White "Bakre, Tejas"]
[Black "Rekhson, Vladislav"]
[Result "1-0"]
[WhiteElo "2438"]
[BlackElo "2078"]
[PlyCount "87"]
[EventDate "2015.11.06"]
[EventType "tourn"]
[EventRounds "9"]
[EventCountry "CAN"]
[WhiteClock "1:14:04"]
[BlackClock "0:31:07"]

1. Nf3 c5 2. c4 Nf6 3. Nc3 d5 4. cxd5 Nxd5 5. d4 Nxc3 6. bxc3 g6 7. Bg5 Bg7 8.
Qd2 Nc6 9. d5 Ne5 10. Nxe5 Bxe5 11. Bh6 Qa5 12. Rc1 Bd7 13. e4 f6 14. Be2 Bb5
15. f4 Bd6 16. O-O O-O-O 17. Bxb5 Qxb5 18. c4 Qd7 19. Qb2 Bb8 20. e5 g5 21. Bg7
Rhg8 22. exf6 exf6 23. Bxf6 Bxf4 24. Bxd8 Bxc1 25. Qxc1 Qxd8 26. Qa3 Qb6 27.
Qh3+ Kb8 28. Qxh7 Re8 29. Qd7 Qd8 30. Qxd8+ Rxd8 31. Rf5 b5 32. cxb5 Kc7 33. a4
Kd6 34. Kf2 Re8 35. Rf7 c4 36. Rxa7 c3 37. Ra6+ Kxd5 38. Rc6 Kd4 39. b6 Kd3 40.
a5 c2 41. b7 Kd2 42. a6 c1=Q 43. Rxc1 Kxc1 44. a7 1-0

[Event "2015 Edmonton Invitational"]
[Site "Edmonton"]
[Date "2015.11.08"]
[Round "5.5"]
[White "Pechenkin, Vladimir"]
[Black "Haynes, Nicolas"]
[Result "1/2-1/2"]
[WhiteElo "2327"]
[BlackElo "2177"]
[PlyCount "46"]
[EventDate "2015.11.06"]
[EventType "tourn"]
[EventRounds "9"]
[EventCountry "CAN"]
[WhiteClock "0:41:40"]
[BlackClock "0:40:48"]

1. c4 Nf6 2. g3 e6 3. Bg2 d5 4. Nf3 Be7 5. O-O O-O 6. d4 dxc4 7. Qc2 a6 8. Qxc4
b5 9. Qc2 Bb7 10. Bd2 Be4 11. Qc1 c6 12. Be3 Nbd7 13. Nc3 Bd5 14. Qc2 Rc8 15.
Rfd1 b4 16. Nxd5 cxd5 17. Qa4 Nb6 18. Qxa6 Nc4 19. Ne5 Ra8 20. Qb7 Rb8 21. Qa7
Ra8 22. Qb7 Rb8 23. Qa7 Ra8 1/2-1/2

[Event "2015 Edmonton Invitational"]
[Site "Edmonton"]
[Date "2015.11.09"]
[Round "6.1"]
[White "Miller, David"]
[Black "Kraai, Jesse"]
[Result "0-1"]
[WhiteElo "2114"]
[BlackElo "2506"]
[PlyCount "72"]
[EventDate "2015.11.06"]
[EventType "tourn"]
[EventRounds "9"]
[EventCountry "CAN"]
[WhiteClock "0:09:11"]
[BlackClock "0:25:05"]

1. e4 e6 2. d4 d5 3. Nc3 Nf6 4. e5 Nfd7 5. f4 c5 6. Nf3 Nc6 7. Be3 cxd4 8. Nxd4
Bc5 9. Qd2 O-O 10. O-O-O a6 11. Qf2 Bxd4 12. Bxd4 b5 13. Be3 b4 14. Na4 a5 15.
Bd3 Ba6 16. h4 Bxd3 17. Rxd3 f6 18. exf6 Qxf6 19. Rf1 Qf5 20. Nb6 Nxb6 21. Bxb6
a4 22. a3 Rfc8 23. g4 Ne5 24. Rg3 Nxg4 25. Qg2 b3 26. c3 h5 27. Bd4 Rc4 28. Qe2
Rf8 29. Rgf3 Qe4 30. Qxe4 dxe4 31. Rg3 e5 32. Rxg4 exd4 33. Rg3 e3 34. Rfg1 Rc7
35. Kb1 Rxf4 36. cxd4 e2 0-1

[Event "2015 Edmonton Invitational"]
[Site "Edmonton"]
[Date "2015.11.09"]
[Round "6.2"]
[White "Gardner, Robert"]
[Black "Sevillano, Enrico"]
[Result "0-1"]
[WhiteElo "2160"]
[BlackElo "2464"]
[PlyCount "138"]
[EventDate "2015.11.06"]
[EventType "tourn"]
[EventRounds "9"]
[EventCountry "CAN"]
[WhiteClock "0:21:17"]
[BlackClock "0:04:21"]

1. d4 Nf6 2. c4 c5 3. d5 e6 4. Nc3 exd5 5. cxd5 d6 6. e4 g6 7. Nge2 Bg7 8. Ng3
O-O 9. Be2 Na6 10. O-O Re8 11. f3 Nc7 12. Bg5 h6 13. Be3 Rb8 14. a4 a6 15. Qd2
Kh7 16. Rab1 b5 17. axb5 Nxb5 18. Nxb5 axb5 19. b4 c4 20. Bd4 h5 21. Ra1 h4 22.
Nh1 Bh6 23. Qb2 Nh5 24. Ra7 Kg8 25. Rfa1 Rb7 26. Rxb7 Bxb7 27. Ra5 Qd7 28. Nf2
f5 29. Bf6 Rf8 30. Bd4 Re8 31. Ra7 Ra8 32. Rxa8+ Bxa8 33. Qa3 Qe8 34. Qa6 Bxd5
35. Qxd6 Bf7 36. Bf1 Bf8 37. Qb6 Bxb4 38. exf5 gxf5 39. Qh6 Bg6 40. g4 hxg3 41.
hxg3 Bf8 42. Qh8+ Kf7 43. Nh3 Be7 44. Qe5 Qd7 45. Bf2 Bf6 46. Qc5 Kg7 47. f4
Nxg3 48. Bg2 Ne4 49. Bxe4 fxe4 50. Ng5 c3 51. Kh2 Bf5 52. Be3 Bg6 53. Kg3 Bf5
54. Kf2 Bh7 55. Kg3 Bg6 56. Kf2 Qf5 57. Qc7+ Kh6 58. Ke1 Kh5 59. Qc6 b4 60. Qc4
Qg4 61. Nxe4 Bxe4 62. Qxe4 Bh4+ 63. Kf1 Qd1+ 64. Kg2 Qe2+ 65. Kh1 Kg4 66. Qe6+
Kg3 67. Qg6+ Kf3 68. Bg1 Qe4 69. f5 Bg3 0-1

[Event "2015 Edmonton Invitational"]
[Site "Edmonton"]
[Date "2015.11.09"]
[Round "6.3"]
[White "Haynes, Nicolas"]
[Black "Haessel, Dale"]
[Result "0-1"]
[WhiteElo "2177"]
[BlackElo "2204"]
[PlyCount "90"]
[EventDate "2015.11.06"]
[EventType "tourn"]
[EventRounds "9"]
[EventCountry "CAN"]
[WhiteClock "0:30:05"]
[BlackClock "0:31:38"]

1. c4 c5 2. Nf3 Nf6 3. Nc3 d5 4. cxd5 Nxd5 5. d4 Nxc3 6. bxc3 g6 7. Bf4 Bg7 8.
e3 Nc6 9. Be2 cxd4 10. cxd4 Qa5+ 11. Nd2 e5 12. dxe5 O-O 13. e4 Be6 14. O-O
Rad8 15. Qe1 Bxe5 16. Bxe5 Qxe5 17. Nb3 Qxe4 18. Nc5 Qe5 19. Nxb7 Rb8 20. Bf3
Qxe1 21. Rfxe1 Nd4 22. Na5 Nc2 23. Nc6 Nxa1 24. Nxb8 Nc2 25. Rb1 Bxa2 26. Rb2
Nd4 27. Nc6 Re8 28. h4 Nxf3+ 29. gxf3 Bd5 30. Nd4 Rd8 31. Kg2 Kg7 32. Kg3 a5
33. Nc2 a4 34. Rb5 Bb3 35. Na1 Rd5 36. Rb6 Rd1 37. Nxb3 Rb1 38. Nc5 Rxb6 39.
Nxa4 Rb4 40. Nc3 h5 41. Nd5 Rd4 42. Nc3 Kf6 43. Ne2 Rc4 44. f4 Ra4 45. f3 Kf5
0-1

[Event "2015 Edmonton Invitational"]
[Site "Edmonton"]
[Date "2015.11.09"]
[Round "6.4"]
[White "Breckenridge, Steven"]
[Black "Bakre, Tejas"]
[Result "0-1"]
[WhiteElo "2330"]
[BlackElo "2438"]
[PlyCount "102"]
[EventDate "2015.11.06"]
[EventType "tourn"]
[EventRounds "9"]
[EventCountry "CAN"]
[WhiteClock "0:13:11"]
[BlackClock "1:10:29"]

1. e4 c5 2. c3 d5 3. exd5 Qxd5 4. d4 Bf5 5. Be3 cxd4 6. cxd4 e6 7. a3 Bxb1 8.
Rxb1 Nc6 9. Nf3 Nf6 10. Bd3 Be7 11. O-O O-O 12. Qe2 Rfd8 13. Rfd1 Rac8 14. Ne5
Nxe5 15. dxe5 Qxe5 16. Bxa7 Qxe2 17. Bxe2 Rxd1+ 18. Bxd1 Bc5 19. Bxc5 Rxc5 20.
b4 Rc3 21. Rb3 Rc1 22. Rd3 Nd5 23. g3 Kf8 24. Kg2 Ke7 25. Ba4 Kd6 26. Be8 f6
27. f4 Rc2+ 28. Kh3 f5 29. Bh5 h6 30. Bd1 Rf2 31. Bf3 g5 32. g4 fxg4+ 33. Kxg4
gxf4 34. h4 Ke5 35. Kh5 Rh2 36. Rd1 Rh3 37. Re1+ Kd4 38. Rd1+ Kc4 39. Be2+ Kc3
40. Kxh6 Rxh4+ 41. Kg5 Rh3 42. Bg4 Rg3 43. Re1 f3 44. Rc1+ Kd2 45. Rc8 f2 46.
Rf8 Ke1 47. Kh4 Rxg4+ 48. Kxg4 Ne3+ 49. Kg5 Nf5 50. Rc8 Kd2 51. Rd8+ Kc2 0-1

[Event "2015 Edmonton Invitational"]
[Site "Edmonton"]
[Date "2015.11.09"]
[Round "6.5"]
[White "Rekhson, Vladislav"]
[Black "Pechenkin, Vladimir"]
[Result "1/2-1/2"]
[WhiteElo "2078"]
[BlackElo "2327"]
[PlyCount "63"]
[EventDate "2015.11.06"]
[EventType "tourn"]
[EventRounds "9"]
[EventCountry "CAN"]
[WhiteClock "0:15:35"]
[BlackClock "0:12:22"]

1. d4 e6 2. e4 d5 3. exd5 exd5 4. Bd3 Nc6 5. c3 Bd6 6. Nf3 Nge7 7. Bg5 Bg4 8.
Nbd2 Qd7 9. h3 Bf5 10. Nf1 f6 11. Bh4 O-O-O 12. Ne3 Be4 13. Qc2 g5 14. Bg3 Bxg3
15. fxg3 Nf5 16. Nxf5 Qxf5 17. O-O-O Rhe8 18. g4 Qg6 19. Rhe1 Bxd3 20. Qxd3
Qxd3 21. Rxd3 Rxe1+ 22. Nxe1 Re8 23. Kd2 Re6 24. Nc2 Ne7 25. Ne3 c6 26. Nf5
Nxf5 27. gxf5 Re4 28. g3 h5 29. Re3 Rxe3 30. Kxe3 a5 31. a4 b5 32. b3 1/2-1/2

[Event "2015 Edmonton Invitational"]
[Site "Edmonton"]
[Date "2015.11.10"]
[Round "7.1"]
[White "Kraai, Jesse"]
[Black "Haynes, Nicolas"]
[Result "1-0"]
[WhiteElo "2506"]
[BlackElo "2177"]
[PlyCount "36"]
[EventDate "2015.11.06"]
[EventType "tourn"]
[EventRounds "9"]
[EventCountry "CAN"]
[WhiteClock "0:54:56"]
[BlackClock "0:21:45"]

1. c4 Nf6 2. Nc3 e6 3. e4 d5 4. e5 d4 5. exf6 dxc3 6. bxc3 Qxf6 7. d4 Nc6 8.
Nf3 h6 9. Bd3 Bd6 10. O-O O-O 11. Qe2 Qd8 12. c5 Be7 13. Rb1 Re8 14. Bf4 Bf8
15. Rfe1 Bd7 16. Rxb7 e5 17. Nxe5 Nxe5 18. Bxe5 Bc6 1-0

[Event "2015 Edmonton Invitational"]
[Site "Edmonton"]
[Date "2015.11.10"]
[Round "7.2"]
[White "Sevillano, Enrico"]
[Black "Miller, David"]
[Result "1-0"]
[WhiteElo "2464"]
[BlackElo "2114"]
[PlyCount "59"]
[EventDate "2015.11.06"]
[EventType "tourn"]
[EventRounds "9"]
[EventCountry "CAN"]
[WhiteClock "0:33:11"]
[BlackClock "0:12:05"]

1. e4 c5 2. Nf3 d6 3. Nc3 Nf6 4. Bb5+ Bd7 5. Bxd7+ Qxd7 6. O-O Nc6 7. d4 cxd4
8. Nxd4 g6 9. Nde2 Bg7 10. Bg5 O-O 11. Qd2 b5 12. f3 Ne5 13. b3 Rfc8 14. Rac1
b4 15. Na4 Rab8 16. c3 bxc3 17. Nexc3 Rc7 18. Bxf6 exf6 19. Nd5 Rcb7 20. Rfd1
Rd8 21. Qa5 h5 22. f4 Ng4 23. h3 Nh6 24. Nc5 Rb5 25. Nxd7 Rxa5 26. Ne7+ Kh7 27.
Nc6 Rxd7 28. Nxa5 f5 29. e5 Bf8 30. Rd5 1-0

[Event "2015 Edmonton Invitational"]
[Site "Edmonton"]
[Date "2015.11.10"]
[Round "7.3"]
[White "Pechenkin, Vladimir"]
[Black "Breckenridge, Steven"]
[Result "1-0"]
[WhiteElo "2327"]
[BlackElo "2330"]
[PlyCount "165"]
[EventDate "2015.11.06"]
[EventType "tourn"]
[EventRounds "9"]
[EventCountry "CAN"]
[WhiteClock "0:04:45"]
[BlackClock "0:16:46"]

1. c4 e5 2. g3 Nf6 3. Bg2 d5 4. cxd5 Nxd5 5. Nc3 Nb6 6. Nf3 Nc6 7. O-O Be7 8.
a3 O-O 9. b4 Re8 10. Rb1 Bf8 11. d3 a5 12. b5 Nd4 13. Nd2 a4 14. e3 Ne6 15. Nf3
Nc5 16. d4 exd4 17. Nxd4 Be6 18. Nxe6 Rxe6 19. Qc2 Rb8 20. Ne4 Qd3 21. Qxd3
Nxd3 22. Rd1 Ne5 23. Rd4 Nec4 24. Nc3 Bc5 25. Rxc4 Nxc4 26. Bd5 Nb6 27. Bxe6
fxe6 28. Kf1 Ra8 29. Ke2 Kf7 30. Bb2 Nc4 31. Kd3 Ne5+ 32. Ke2 Bd6 33. f4 Nc4
34. Kd3 Nxa3 35. Ra1 Rd8 36. Bxa3 Bxa3+ 37. Kc4 Be7 38. Rxa4 b6 39. Ra7 Rd7 40.
Ne4 Bd8 41. Ra1 h6 42. g4 Rd5 43. h3 Ke7 44. h4 Kd7 45. h5 Ke8 46. Rg1 Kf7 47.
Ra1 Rd7 48. Rg1 Be7 49. Ra1 g6 50. hxg6+ Kxg6 51. Rf1 Rd5 52. Rh1 Bf8 53. Ra1
Rd7 54. Rf1 Bg7 55. Rh1 Rd8 56. Rc1 Kf7 57. Rh1 Ra8 58. g5 Kg6 59. gxh6 Bxh6
60. Ng5 Bxg5 61. Rg1 Ra3 62. Rxg5+ Kf6 63. Re5 Ra5 64. Kd4 Ra1 65. Kc4 Rd1 66.
Kc3 Ke7 67. f5 Kf6 68. fxe6 Ke7 69. Kc4 Rd6 70. Kc3 Rd8 71. Kc4 Rd1 72. Kc3 Rd6
73. Kc4 Rd8 74. Kc3 Kf6 75. e7 Re8 76. Kd4 Rxe7 77. Rxe7 Kxe7 78. Kd5 Kd7 79.
e4 c5 80. bxc6+ Kc7 81. e5 b5 82. e6 Kd8 83. Kd6 1-0

[Event "2015 Edmonton Invitational"]
[Site "Edmonton"]
[Date "2015.11.10"]
[Round "7.4"]
[White "Bakre, Tejas"]
[Black "Gardner, Robert"]
[Result "1-0"]
[WhiteElo "2438"]
[BlackElo "2160"]
[PlyCount "95"]
[EventDate "2015.11.06"]
[EventType "tourn"]
[EventRounds "9"]
[EventCountry "CAN"]
[WhiteClock "0:47:05"]
[BlackClock "0:31:35"]

1. Nf3 Nf6 2. c4 e6 3. Nc3 Bb4 4. g3 O-O 5. Bg2 d5 6. Qb3 Be7 7. d4 Nc6 8. cxd5
exd5 9. O-O Na5 10. Qc2 c6 11. Ne5 Nd7 12. e4 Nxe5 13. dxe5 d4 14. Rd1 c5 15.
Nd5 Nc6 16. f4 b5 17. a4 Bg4 18. axb5 Bxd1 19. Qxd1 Nb4 20. Bd2 Nxd5 21. exd5
Rb8 22. Qa4 Qd7 23. d6 Bd8 24. Bc6 Qg4 25. Qd1 Qf5 26. Qb1 Qe6 27. Rxa7 Bb6 28.
Ra3 c4 29. Qe4 c3 30. bxc3 dxc3+ 31. Be3 Bxe3+ 32. Qxe3 c2 33. Rc3 Kh8 34. Rxc2
f6 35. Re2 fxe5 36. Qxe5 Qb3 37. d7 h6 38. Qd4 Rbd8 39. Kg2 Qf7 40. b6 Qg6 41.
Qd5 Qb1 42. b7 Qg6 43. h4 Qg4 44. Re8 Rfxe8 45. dxe8=Q+ Rxe8 46. Bxe8 Qe2+ 47.
Kh3 Qxe8 48. Qf5 1-0

[Event "2015 Edmonton Invitational"]
[Site "Edmonton"]
[Date "2015.11.10"]
[Round "7.5"]
[White "Haessel, Dale"]
[Black "Rekhson, Vladislav"]
[Result "1-0"]
[WhiteElo "2204"]
[BlackElo "2078"]
[PlyCount "82"]
[EventDate "2015.11.06"]
[EventType "tourn"]
[EventRounds "9"]
[EventCountry "CAN"]
[WhiteClock "0:11:10"]
[BlackClock "0:09:30"]

1. d4 Nf6 2. c4 e6 3. Nf3 b6 4. a3 Ba6 5. Qc2 c5 6. e4 cxd4 7. e5 Ng8 8. Nxd4
Nc6 9. Nxc6 dxc6 10. Nc3 Qd4 11. Qe4 Qxe4+ 12. Nxe4 O-O-O 13. Be2 h6 14. Be3 f5
15. exf6 Nxf6 16. Nc3 Bd6 17. O-O-O g5 18. h4 Bf4 19. hxg5 hxg5 20. Bxf4 Rxh1
21. Rxh1 gxf4 22. Rh6 Rf8 23. b3 c5 24. Bf3 Bb7 25. Bxb7+ Kxb7 26. f3 e5 27.
Kc2 Kc7 28. Rxf6 Rg8 29. Rf7+ Kd6 30. Rxa7 Rxg2+ 31. Kd3 Ke6 32. Ne4 Rg1 33.
Rb7 Kf5 34. Rxb6 Rd1+ 35. Nd2 Re1 36. Rc6 Re3+ 37. Kc2 Rxf3 38. Nxf3 e4 39.
Rxc5+ Kg4 40. Nd4 f3 41. Nxf3 exf3 1-0

[Event "2015 Edmonton Invitational"]
[Site "Edmonton"]
[Date "2015.11.11"]
[Round "8.1"]
[White "Rekhson, Vladislav"]
[Black "Kraai, Jesse"]
[Result "1-0"]
[WhiteElo "2078"]
[BlackElo "2506"]
[PlyCount "97"]
[EventDate "2015.11.06"]
[EventType "tourn"]
[EventRounds "9"]
[EventCountry "CAN"]
[WhiteClock "0:20:11"]
[BlackClock "0:22:54"]

1. e4 c5 2. c3 e6 3. d4 d5 4. exd5 exd5 5. Bd3 Nc6 6. Nf3 c4 7. Be2 Bd6 8. O-O
Nge7 9. Re1 O-O 10. b3 cxb3 11. axb3 Bg4 12. h3 Bf5 13. Bd3 Qd7 14. Ne5 Bxe5
15. dxe5 Ng6 16. f4 Rad8 17. Bxf5 Qxf5 18. g4 Qc8 19. Be3 f6 20. exf6 Qc7 21.
Qf3 Rxf6 22. f5 Nh4 23. Qf2 Ng6 24. Bg5 Nge5 25. Bxf6 gxf6 26. Rd1 d4 27. c4
Nb4 28. Nd2 Nc2 29. Rxa7 Ne3 30. Rda1 Kg7 31. c5 Rd7 32. b4 Nd3 33. Qf3 Nxb4
34. Rb1 Nec2 35. c6 Qxc6 36. Qxc6 Nxc6 37. Rbxb7 Rxb7 38. Rxb7+ Kh6 39. Ne4 d3
40. h4 Ne5 41. g5+ fxg5 42. hxg5+ Kh5 43. Rxh7+ Kg4 44. g6 Kxf5 45. g7 Kxe4 46.
g8=Q d2 47. Rh4+ Ke3 48. Qb3+ Ke2 49. Re4+ 1-0

[Event "2015 Edmonton Invitational"]
[Site "Edmonton"]
[Date "2015.11.11"]
[Round "8.2"]
[White "Sevillano, Enrico"]
[Black "Bakre, Tejas"]
[Result "1/2-1/2"]
[WhiteElo "2464"]
[BlackElo "2438"]
[PlyCount "60"]
[EventDate "2015.11.06"]
[EventType "tourn"]
[EventRounds "9"]
[EventCountry "CAN"]
[WhiteClock "0:22:45"]
[BlackClock "1:11:02"]

1. e4 c5 2. c3 d5 3. exd5 Qxd5 4. Nf3 Nc6 5. Na3 Nf6 6. Bc4 Qd8 7. Nc2 e6 8.
O-O Be7 9. d4 cxd4 10. Ncxd4 Nxd4 11. Nxd4 O-O 12. Bf4 Nd5 13. Bg3 Bf6 14. Bb3
e5 15. Nb5 Nf4 16. Nd6 Qc7 17. Nxc8 Raxc8 18. Qf3 Rcd8 19. Rad1 Qc6 20. Qxc6
Ne2+ 21. Kh1 Nxg3+ 22. hxg3 bxc6 23. Rxd8 Rxd8 24. Rd1 Kf8 25. Rxd8+ Bxd8 26.
Bc2 Bg5 27. Be4 c5 28. g4 a5 29. b3 Bd2 30. c4 Ke7 1/2-1/2

[Event "2015 Edmonton Invitational"]
[Site "Edmonton"]
[Date "2015.11.11"]
[Round "8.3"]
[White "Breckenridge, Steven"]
[Black "Haessel, Dale"]
[Result "0-1"]
[WhiteElo "2330"]
[BlackElo "2204"]
[PlyCount "60"]
[EventDate "2015.11.06"]
[EventType "tourn"]
[EventRounds "9"]
[EventCountry "CAN"]
[WhiteClock "0:27:14"]
[BlackClock "0:23:56"]

1. e4 e5 2. Nc3 Nf6 3. Bc4 Nc6 4. f4 Nxe4 5. Nxe4 d5 6. Bd3 dxe4 7. Bxe4 exf4
8. Nf3 Bd6 9. O-O O-O 10. d4 Re8 11. Bxc6 bxc6 12. c4 c5 13. b4 cxb4 14. c5 Bf8
15. Bxf4 Bb7 16. Qd2 a5 17. a3 b3 18. a4 h6 19. Ne5 Bxc5 20. Rad1 Bb4 21. Qf2
Bd5 22. Rd3 Ra6 23. Rg3 Rf6 24. Ng4 Rg6 25. Bxh6 Bd6 26. Bf4 Bxf4 27. Qxf4 Re4
28. Qf5 Rg5 29. Qf6 gxf6 30. Nxf6+ Qxf6 0-1

[Event "2015 Edmonton Invitational"]
[Site "Edmonton"]
[Date "2015.11.11"]
[Round "8.4"]
[White "Gardner, Robert"]
[Black "Pechenkin, Vladimir"]
[Result "0-1"]
[WhiteElo "2160"]
[BlackElo "2327"]
[PlyCount "82"]
[EventDate "2015.11.06"]
[EventType "tourn"]
[EventRounds "9"]
[EventCountry "CAN"]
[WhiteClock "0:03:34"]
[BlackClock "0:14:00"]

1. d4 f5 2. Bg5 g6 3. Nc3 Bg7 4. e3 h6 5. Bf4 Nf6 6. h4 d6 7. Qf3 O-O 8. Bc4+
e6 9. Bd3 Nc6 10. O-O-O Qe7 11. Nge2 e5 12. Bc4+ Kh7 13. dxe5 dxe5 14. Bg5 Be6
15. Nd5 Qf7 16. Bxf6 Bxf6 17. Nxf6+ Qxf6 18. Bxe6 Qxe6 19. h5 g5 20. Nc3 e4 21.
Qe2 a6 22. g4 fxg4 23. Rhg1 Rf3 24. Nxe4 Qxe4 25. Rd7+ Kh8 26. Rxc7 Raf8 27.
Qd2 R3f7 28. Qd6 Rxc7 29. Qxf8+ Kh7 30. Qd6 Re7 31. Rd1 Qe6 32. Qd3+ Kg7 33.
Qc3+ Qf6 34. Qd3 Ne5 35. Qd8 Nf7 36. Qd2 Qe5 37. Rg1 Qh2 38. Qd4+ Re5 39. Qxg4
Qxf2 40. b3 Qxe3+ 41. Kb1 Re4 0-1

[Event "2015 Edmonton Invitational"]
[Site "Edmonton"]
[Date "2015.11.11"]
[Round "9.1"]
[White "Kraai, Jesse"]
[Black "Breckenridge, Steven"]
[Result "1-0"]
[WhiteElo "2506"]
[BlackElo "2330"]
[PlyCount "101"]
[EventDate "2015.11.06"]
[EventType "tourn"]
[EventRounds "9"]
[EventCountry "CAN"]
[WhiteClock "0:22:37"]
[BlackClock "0:57:22"]

1. Nf3 Nf6 2. c4 e6 3. g3 d5 4. Bg2 Be7 5. O-O O-O 6. d4 dxc4 7. Qc2 a6 8. a4
Bd7 9. Qxc4 Bc6 10. Bf4 a5 11. Nc3 Na6 12. Rac1 Nb4 13. Ne5 Bxg2 14. Kxg2 Nfd5
15. Nxd5 Qxd5+ 16. Qxd5 Nxd5 17. Bd2 c6 18. e3 Bb4 19. Rfd1 Rfd8 20. Nd3 Bxd2
21. Rxd2 Ra6 22. Rc5 Kf8 23. Kf3 Ke7 24. Ne5 Nb6 25. b3 Nd7 26. Nxd7 Rxd7 27.
e4 Rd6 28. Ke3 Kd7 29. h4 Ra8 30. g4 Kc7 31. f4 b6 32. Rc4 Rad8 33. e5 Rd5 34.
Rdc2 Kb7 35. Rxc6 Rxd4 36. Rc7+ Ka6 37. Rxf7 Rd3+ 38. Kf2 Rxb3 39. f5 exf5 40.
gxf5 Rd4 41. Rxg7 Rxa4 42. f6 Rf4+ 43. Kg2 a4 44. Re2 a3 45. Rg3 Rxg3+ 46. Kxg3
Rf1 47. Ra2 Kb5 48. Rxa3 Kc6 49. Rf3 Rg1+ 50. Kf4 Kd7 51. Kf5 1-0

[Event "2015 Edmonton Invitational"]
[Site "Edmonton"]
[Date "2015.11.11"]
[Round "9.2"]
[White "Pechenkin, Vladimir"]
[Black "Sevillano, Enrico"]
[Result "0-1"]
[WhiteElo "2327"]
[BlackElo "2464"]
[PlyCount "76"]
[EventDate "2015.11.06"]
[EventType "tourn"]
[EventRounds "9"]
[EventCountry "CAN"]
[WhiteClock "0:00:42"]
[BlackClock "0:11:38"]

1. c4 Nf6 2. g3 c6 3. Bg2 d5 4. Nf3 dxc4 5. O-O Be6 6. Ng5 Bd5 7. e4 h6 8. exd5
hxg5 9. dxc6 Nxc6 10. Na3 Qd3 11. Qa4 Rc8 12. Nxc4 Nd7 13. Re1 e6 14. Qb5 Nd8
15. Bd5 Qd4 16. Ne5 Qxd5 17. Qxd5 exd5 18. Ng6+ Ne6 19. Nxh8 Bc5 20. Ng6 Bd4
21. d3 Rc6 22. Bxg5 fxg6 23. Re2 Kf7 24. Be3 Bf6 25. f4 d4 26. Bf2 g5 27. fxg5
Nxg5 28. Kg2 Ne6 29. Rd1 Ne5 30. h3 a5 31. Be1 b6 32. Bf2 Rd6 33. Re4 Nd7 34.
Rd2 Nec5 35. Rg4 b5 36. h4 b4 37. b3 Nb6 38. Rc2 Nxd3 0-1

[Event "2015 Edmonton Invitational"]
[Site "Edmonton"]
[Date "2015.11.11"]
[Round "9.3"]
[White "Haynes, Nicolas"]
[Black "Rekhson, Vladislav"]
[Result "1-0"]
[WhiteElo "2177"]
[BlackElo "2078"]
[PlyCount "109"]
[EventDate "2015.11.06"]
[EventType "tourn"]
[EventRounds "9"]
[EventCountry "CAN"]
[WhiteClock "0:14:06"]
[BlackClock "0:04:29"]

1. Nf3 c5 2. e4 d6 3. Bb5+ Bd7 4. Bxd7+ Nxd7 5. O-O g6 6. c3 Bg7 7. d4 e6 8.
Na3 Ngf6 9. e5 dxe5 10. dxe5 Nd5 11. Qe2 O-O 12. Rd1 a6 13. c4 Nb4 14. Bg5 Qc7
15. Be7 Rfe8 16. Bd6 Qb6 17. Nb1 Rad8 18. Nc3 Nc6 19. b3 Nd4 20. Nxd4 cxd4 21.
Na4 Qc6 22. Rxd4 Nxe5 23. Bxe5 Rxd4 24. Bxg7 e5 25. Bh6 b5 26. Nb2 f6 27. Be3
Rd7 28. cxb5 Qxb5 29. Qxb5 axb5 30. a4 bxa4 31. bxa4 f5 32. g3 Kf7 33. a5 Ra8
34. Nc4 Rd5 35. a6 f4 36. Nb6 Rxa6 37. Rxa6 Rd1+ 38. Kg2 fxe3 39. fxe3 Rd2+ 40.
Kh3 Rd6 41. Ra7+ Kf6 42. Nc4 Rc6 43. Nd2 h5 44. Ne4+ Kf5 45. Nf2 Rc2 46. e4+
Kg5 47. Nd3 Rc4 48. Ra5 Kf6 49. Nf2 Rc2 50. Ra6+ Kg5 51. Kg2 h4 52. gxh4+ Kh5
53. Ra5 Kxh4 54. Rxe5 g5 55. Re8 1-0

[Event "2015 Edmonton Invitational"]
[Site "Edmonton"]
[Date "2015.11.11"]
[Round "9.4"]
[White "Bakre, Tejas"]
[Black "Miller, David"]
[Result "1-0"]
[WhiteElo "2438"]
[BlackElo "2114"]
[PlyCount "87"]
[EventDate "2015.11.06"]
[EventType "tourn"]
[EventRounds "9"]
[EventCountry "CAN"]
[WhiteClock "0:48:44"]
[BlackClock "0:23:22"]

1. Nf3 Nf6 2. c4 g6 3. Nc3 Bg7 4. e4 d6 5. d4 O-O 6. Be2 e5 7. O-O Nc6 8. d5
Ne7 9. Ne1 Ne8 10. Nd3 f5 11. f3 f4 12. c5 g5 13. g4 fxg3 14. hxg3 Ng6 15. Rf2
h6 16. Rh2 Rf7 17. Be3 Nf6 18. b4 Qf8 19. Rc1 Bd7 20. b5 a6 21. c6 bxc6 22.
bxc6 Bc8 23. Rb1 a5 24. Nf2 Ba6 25. Nb5 Ne8 26. a4 Bf6 27. Qe1 Rh7 28. Qxa5 h5
29. Nh3 Qe7 30. Nc3 Bxe2 31. Qxa8 Bxf3 32. Rb8 Kf7 33. Rxe8 Qxe8 34. Qxe8+ Kxe8
35. Bxg5 Bg7 36. a5 Bg4 37. a6 Rh8 38. a7 Kf7 39. Rf2+ Nf4 40. gxf4 Bxh3 41.
fxe5+ Kg6 42. Bf6 dxe5 43. Bxg7 Kxg7 44. Nb5 1-0

[Event "2015 Edmonton Invitational"]
[Site "Edmonton"]
[Date "2015.11.11"]
[Round "9.5"]
[White "Haessel, Dale"]
[Black "Gardner, Robert"]
[Result "1/2-1/2"]
[WhiteElo "2204"]
[BlackElo "2160"]
[PlyCount "66"]
[EventDate "2015.11.06"]
[EventType "tourn"]
[EventRounds "9"]
[EventCountry "CAN"]
[WhiteClock "0:02:30"]
[BlackClock "0:06:49"]

1. d4 Nf6 2. c4 e6 3. Nf3 b6 4. a3 Bb7 5. Nc3 d5 6. Bg5 Be7 7. Qa4+ Qd7 8.
Qxd7+ Nbxd7 9. Nb5 Bd8 10. cxd5 Bxd5 11. Rc1 c5 12. e3 O-O 13. Be2 cxd4 14.
exd4 h6 15. Bf4 Ne8 16. O-O a6 17. Nc7 Nxc7 18. Bxc7 Nf6 19. Ne5 b5 20. Bd6 Re8
21. Nc6 Ne4 22. Bf4 Bf6 23. Ne5 Rec8 24. Be3 Nd6 25. Nd7 Bd8 26. Rxc8 Rxc8 27.
Nc5 a5 28. Rc1 a4 29. Nd3 Rxc1+ 30. Bxc1 Bc4 31. Nf4 Bxe2 32. Nxe2 Bf6 33. Bd2
Nc4 1/2-1/2